| 000 | 00536nam a2200193Ia 4500 | ||
|---|---|---|---|
| 008 | 240510s9999 xx 000 0 und d | ||
| 020 | _a354061043X | ||
| 041 | _aEng | ||
| 082 | _a004 | ||
| 082 | _bF26 | ||
| 100 | _aFerreira, Afonso : Pardalos, Panos (Ed.) | ||
| 245 | 0 | _aSolving combinatorial optimization problems in parallel : methods and techniques : lecture notes in computer science | |
| 260 | _bSpringer: Tokyo | ||
| 260 | _c1996 | ||
| 300 | _a273 p. | ||
| 650 | _acomputer science | ||
| 942 | _2ddc | ||
| 942 | _cRBK | ||
| 999 |
_c27516 _d27516 |
||
| 945 |
_a1 _bMadushi Gamage _c1 _dMadushi Gamage |
||